• 首页
  • 本馆介绍
  • 公告通知
  • 最新文献
  • 馆藏检索
  • 电子资源
  • 读者导购
  • 参考咨询
  • 我的图书馆
  • 登录
  • 详细信息显示
  • 放入我的书架
  • 预约/预借图书
  • 作者相关作品
  • 分类相关作品
  • 丛书相关作品
  • 出版社相关作品

书目信息

  • 表格格式
  • 工作单格式
  • 卡片格式
题名:
整数基础知识
    
 
作者: ;北京教育学院师范教研室 编
分册:  
出版信息: 北京   北京出版社  1982
页数: 298页
开本: 19cm
丛书名:
单 册:
中图分类: O121.1
科图分类:
主题词: 整数--基本知识
电子资源:
ISBN:
000 00682nam0 2200241 45
001 0182000949
005 20040520105454.3
010    @dCNY0.66
091    @a7071.832
100    @a19950619d1982 em y0chiy0121 ea
101 0  @achi
102    @aCN@b110000
105    @ay z 000yy
106    @ar
200 10 @a整数基础知识@Azheng shu ji chu zhi shi@f北京教育学院师范教研室编
210    @a北京@c北京出版社@d1982
215    @a298页@d19cm
606    @a整数@x基本知识
690    @aO121.1@v3
711 02 @a北京教育学院师范教研室@Abei jing jiao yu xue yuan shi fan jiao yan shi@4编
801  0 @aCN@b上海图书馆@c20040520
801  2 @aCN@bNLC@c20040520
905    @f1@b87192@dO121.1@e6
    
    整数基础知识/北京教育学院师范教研室编.-北京:北京出版社,1982
    298页;19cm
    
    
    ISBN :CNY0.66
    
●
相关链接 在E读中查询图书 在五车中查询图书 在当当中查询图书 在豆瓣中查询图书


正题名:整数基础知识     索取号:O121.1/6         预约/预借

序号 登录号 条形码 馆藏地/架位号 状态 备注
1 0087192   001233374   第三借阅区/ [索取号:O121.1/6] 在馆    
2 0087194   202093144   第二样本阅览室/ [索取号:O121.1/6] 在馆    
唐山师范学院图书馆 欢迎您!
大连网信软件有限公司© 版权所有